Linkin Park- The Hunting Party - Statistics

General Stats
  • This quiz has been taken 18 times
  • The average score is 9 of 12
Answer Stats
Hint Answer % Correct
07 Until It's Gone
94%
12 A Line In The Sand
88%
03 Guilty All The Same
88%
01 Keys To The Kingdom
88%
11 Final Masquerade
82%
08 Rebellion
82%
02 All For Nothing
76%
09 Mark The Grave
76%
05 War
76%
10 Drawbar
65%
04 The Summoning
65%
06 Wastelands
65%
No matching quizzes found
Score Distribution
Percent of People with Each Score
Percentile by Number Answered
Your Score History
You have not taken this quiz